000 01494cam a2200385 a 4500
001 6038
003 FISKH
005 20250226121201.0
008 851219s1986 nyua j 000 1 eng
010 _a 85031119
020 _a038523497X :
_c$12.95
020 _a9780380702848
040 _aDLC
_beng
_cDLC
_dDLC
051 _aPZ7.B2262 R
082 _a823.914
100 1 _aBanks, Lynne Reid
_d(1929-2024)
245 1 4 _aThe return of the Indian /
_cLynne Reid Banks ; illustrated by William Geldart.
250 _aThis edition first published in 1986
260 _aNew York :
_bAn Avon,
_c1986.
300 _a189 pages :
_billustrations ;
_c20 cm.
505 _aR
520 _aA year after he sends his Indian friend, Little Bear, back into the magic cupboard, Omri decides to bring him back only to find that he is close to death and in need of help.
521 8 _a740
_bLexile
521 8 _aR
_bRaz-Plus
650 1 _aIndians of North America
_vFiction.
650 1 _aToys
_vFiction.
650 1 _aMagic
_vFiction.
700 _aGeldart, William
_eillustrator
856 4 2 _3Publisher description
_uhttp://www.loc.gov/catdir/description/random043/85031119.html
856 4 2 _3Contributor biographical information
_uhttp://www.loc.gov/catdir/enhancements/fy0913/85031119-b.html
856 4 1 _3Sample text
_uhttp://www.loc.gov/catdir/enhancements/fy1003/85031119-s.html
906 _a7
_bcbc
_corignew
_d1
_eocip
_f19
_gy-gencatlg
942 _2ddc
_cBK
_n0
999 _c6038
_d6038